EA FC25 TOTS Ligue 1 - Statistics

General Stats
  • This quiz has been taken 46 times
  • The average score is 15 of 28
Answer Stats
Rate Club Nation Answer % Correct
97 PSG France Ousmane Dembele
100%
95 PSG Portugal Nuno Mendes
97%
95 PSG Portugal Vitinha
97%
96 PSG Portugal Joao Neves
94%
96 PSG France Bradley Barcola
91%
95 PSG Ecuador Willian Pacho
91%
95 PSG France Desire Doue
88%
93 PSG Brazil Marquinhos
82%
93 Lille Canada Jonathan David
76%
95 Lyon France Rayan Cherki
68%
92 Strasbourg Brazil Andrey Santos
50%
95 Monaco Denmark Mika Biereth
50%
94 Lyon France Corentin Tolisso
44%
94 Marseille Argentina Geronimo Rulli
41%
92 Marseille Denmark Pierre Hojbjerg
38%
91 Monaco Switzerland Denis Zakaria
35%
93 Strasbourg Netherlands Emanuel Emegha
35%
94 Lille Algeria Nabil Bentaleb
35%
94 Lille Brazil Alexsandro
32%
94 Nice Ivory Coast Evann Guessand
32%
92 Monaco France Maghnes Akliouche
32%
93 Marseille France Adrien Rabiot
26%
91 Monaco Ivory Coast Wilfried Singo
26%
90 Saint-Etienne Georgia Zuriko Davitashvili
26%
92 Auxerre France Gaetan Perrin
18%
93 Nice France Jonathan Clauss
18%
91 Stade Rennais France Ludovic Blas
18%
89 Nice France Gaetan Laborde
15%
No matching quizzes found
Score Distribution
Percent of People with Each Score
Percentile by Number Answered
Your Score History
You have not taken this quiz